|
|
|
|
| LEADER |
00797nta a2200193 i 4500 |
| 001 |
dipl136840 |
| 005 |
20230711115210.0 |
| 008 |
230711s2022 hu om 0|| hun d |
| 040 |
|
|
|a SZTE Diploma Repozitórium
|b hun
|
| 041 |
|
|
|a hun
|
| 100 |
1 |
|
|a Kaptás Anna
|
| 245 |
1 |
2 |
|a A tanulmányi sikerességet meghatározó pszichológiai tényezők vizsgálata serdülőkorú gyermekekkel
|h [elektronikus dokumentum] /
|c Anna Kaptás
|
| 246 |
1 |
0 |
|a Analysis of the psychological factors responsible for the learning success by the teenagers
|h [elektronikus dokumentum]
|
| 260 |
|
|
|c 2022
|
| 650 |
|
4 |
|a Bölcsészettudományok
|
| 650 |
|
4 |
|a Social sciences
|
| 650 |
|
4 |
|a Psychology
|
| 700 |
1 |
|
|a Kóródi Kitti
|e ths
|
| 856 |
4 |
0 |
|u https://diploma.bibl.u-szeged.hu/id/eprint/136840/1/2022_kaptas_anna.pdf
|z Dokumentum-elérés
|